| 000 | 03691cam a22004698i 4500 | ||
|---|---|---|---|
| 005 | 20260322212034.0 | ||
| 008 | data | ||
| 010 | _a 2014034970 | ||
| 020 | _a9780385350174 (hardback) | ||
| 020 | _a9780345805904 (paperback) | ||
| 020 | _z9780385350181 (ebook) | ||
| 020 | _a0385350171 | ||
| 040 |
_aDLC _beng _cDLC _erda |
||
| 041 | 1 |
_aeng _hfin |
|
| 042 | _apcc | ||
| 050 | 0 | 0 |
_aPH356.O37 _bK8613 2015 |
| 082 | 0 | 0 |
_a894/.54134 _223 |
| 084 |
_aFIC008000 _aFIC032000 _aFIC008000 _2bisacsh |
||
| 099 | _aOKSANS | ||
| 100 | 1 |
_aOksanen, Sofi, _d1977- |
|
| 240 | 1 | 0 |
_aKum kyyhkyset katosivat. _lEnglish |
| 245 | 1 | 0 |
_aWhen the doves disappeared : _ba novel / _cSofi Oksanen. |
| 260 |
_aNew York, N.Y. ; _bAlfred A. Knopf, _c2015. |
||
| 263 | _a1111 | ||
| 264 | 1 |
_aNew York : _bKnopf, _c2015. |
|
| 300 | _ap. cm | ||
| 336 |
_atext _2rdacontent |
||
| 337 |
_aunmediated _2rdamedia |
||
| 338 |
_avolume _2rdacarrier |
||
| 520 |
_a"From the internationally acclaimed author of Purge--a chillingly suspenseful, deftly woven new novel that opens up a little-known yet still controversial chapter of history: the occupation, resistance, and collaboration in Estonia during and after World War II. 1941: In Communist-ruled, war-ravaged Estonia, two men have deserted the Red Army--Roland, a fiercely principled freedom fighter, and his slippery cousin Edgar. When the Germans arrive, Roland goes into hiding; Edgar abandons his unhappy wife, Juudit, and takes on a new identity as a loyal supporter of the Nazi regime... 1963: Estonia is again under Communist control, independence even further out of reach behind the Iron Curtain. Edgar is now a Soviet apparatchik, desperate to hide the secrets of his past life and stay close to those in power. But his fate remains entangled with Roland's, and with Juudit, who may hold the key to uncovering the truth... In a masterfully told story that moves between the tumult of these two brutally repressive eras--a story of surveillance, deception, passion, and betrayal--Sofi Oksanen brings to life both the frailty, and the resilience, of humanity under the shadow of tyranny"-- _cProvided by publisher. |
||
| 520 |
_a"1941: In Communist-ruled, war-ravaged Estonia, two men have deserted the Red Army--Roland, a fiercely principled freedom fighter, and his slippery cousin Edgar. When the Germans arrive, Roland goes into hiding; Edgar abandons his unhappy wife, Juudit, and takes on a new identity as a loyal supporter of the Nazi regime... 1963: Estonia is again under Communist control, independence even further out of reach behind the Iron Curtain. Edgar is now a Soviet apparatchik, desperate to hide the secrets of his past life and stay close to those in power. But his fate remains entangled with Roland's, and with Juudit, who may hold the key to uncovering the truth... In a masterfully told story that moves between the tumult of these two brutally repressive eras--a story of surveillance, deception, passion, and betrayal--Sofi Oksanen brings to life both the frailty, and the resilience, of humanity under the shadow of tyranny"-- _cProvided by publisher. |
||
| 650 | 0 | _aWar stories. | |
| 650 | 7 |
_aFICTION / Historical. _2bisacsh |
|
| 650 | 7 |
_aFICTION / War & Military. _2bisacsh |
|
| 650 | 7 |
_aFICTION / Sagas. _2bisacsh |
|
| 655 | 7 |
_aHistorical fiction. _2gsafd |
|
| 906 |
_a0 _bvip _corignew _d1 _eecip _f20 _gy-gencatlg |
||
| 925 | 0 |
_aacquire _b1 shelf copy _xpolicy default |
|
| 963 | _aSean Picone; phone: 212-572-4979; email: [email protected]; bc: [email protected] | ||
| 001 | data | ||
| 999 |
_c782 _d782 |
||